[Event "Turkish Super League 2019"]
[Site "Konya"]
[Date "2019.07.25"]
[Round "9"]
[White "Moiseenko, Vadim"]
[Black "Demchenko, Anton"]
[Result "1-0"]
[WhiteElo "2523"]
[BlackElo "2665"]
[Annotator "TA"]
[PlyCount "81"]
[EventDate "2019.07.17"]
[EventType "team-tourn"]
[EventCountry "TUR"]
[SourceTitle "playchess.com"]
[Source "ChessBase"]
[SourceQuality "1"]

{[%evp 16,81,29,0,16,16,19,18,46,28,35,35,144,135,206,127,133,130,143,108,126,111,142,124,124,117,147,154,155,133,116,77,378,384,406,394,379,374,630,621,579,401,400,330,355,299,328,323,296,293,302,213,458,458,436,439,510,298,614,607,29973,29963,29985,29982,29982,29983,29983,29984]} 1. e4 c5 2. Nf3 d6 3. d4 cxd4 4. Nxd4 Nf6 5. Nc3 Nc6 6. Bc4 e6 7. Be3 a6 8. Qe2 Bd7 9. O-O-O Na5 {B89: Sicilian: Velimirovic Attack} 10. Bd3 b5 {[%cal Bb7b5,Bb5b4][%mdl 32]} 11. f4 Qc7 {The position is equal.} 12. g4 $146 ({Predecessor:} 12. Rhe1 b4 13. Nb1 e5 14. Nf3 b3 15. Nc3 bxa2 16. Nxa2 Rb8 17. Bxa6 Be7 18. Nc3 O-O 19. f5 Rxb2 20. Kxb2 Rb8+ 21. Bb5 Nxe4 22. Nd5 Bxb5 23. Nxc7 Bxe2+ 24. Kc1 d5 {0-1 (24) Berbatov,K (2250)-Dgebuadze,A (2562) Ortigueira 2008}) 12... b4 13. Nb1 {g5 is the strong threat.} Bc6 (13... e5 $14 14. Nf5 g6 15. fxe5 dxe5) 14. Nd2 (14. Bxa6 Nxe4 15. Nxc6 Nxc6 $16) 14... Be7 (14... Bb7 $16 {was worth a try.}) 15. Kb1 (15. Bxa6 $6 Bxe4 16. g5 (16. Nxe4 Nxe4 17. Bb5+ Kf8 $14) 16... Bxh1 $14) 15... Nd7 16. g5 Nc5 17. Rhf1 Bd7 18. h4 Qb7 19. h5 Nxd3 20. cxd3 O-O-O 21. f5 e5 22. f6 gxf6 23. Nf5 Bf8 $2 {[%mdl 8192]} (23... Bxf5 $16 {is tougher.} 24. gxf6 (24. Rxf5 fxg5 25. Rxf7 Kb8 $16) 24... Be6) 24. Qf2 $18 Bb5 25. Bb6 Bxd3+ 26. Ka1 Nc6 $2 (26... Rd7 27. Bxa5 Kb8) 27. Bxd8 Nxd8 28. Nxd6+ {[%mdl 64] [#] Decoy} Bxd6 29. Qxf6 {[%mdl 64] Double Attack} Bxf1 30. Rxf1 (30. Nxf1 Rg8 $18) 30... Rg8 31. Qxd6 {aiming for Rc1+.} Qc6 32. Qxe5 Ne6 33. Nb3 ({Less strong is} 33. Rxf7 Rd8 $11) 33... Qb5 $2 (33... Rxg5 34. Qh8+ {[%mdl 64] Double Attack} Kb7 35. Qxh7 (35. Rxf7+ Nc7 $16) 35... Qe8) 34. Rc1+ Kb7 35. Qf6 Qd7 {[#]} 36. g6 $1 {[%mdl 576] Promotion} hxg6 $2 (36... fxg6 37. Qxe6 {[%mdl 64] Remove Defender, Decoy} Qxe6 38. Nc5+ {[%mdl 64] Double Attack} Kb6 39. Nxe6 gxh5) 37. h6 Qe8 38. Na5+ {White mates.} Ka8 39. Qf1 Qb5 40. Qxf7 {[%mdl 64] Double Attack} Re8 41. Nc6 {Accuracy: White = 65%, Black = 29%.} 1-0

[Event "Turkish Super League 2019"]
[Site "Konya"]
[Date "2019.07.25"]
[Round "9"]
[White "Sanal, Vahap"]
[Black "Nihal Sarin"]
[Result "1/2-1/2"]
[WhiteElo "2520"]
[BlackElo "2610"]
[Annotator "ChessBase"]
[PlyCount "110"]
[EventDate "2019.07.17"]
[EventType "team-tourn"]
[EventCountry "TUR"]
[SourceTitle "playchess.com"]
[Source "ChessBase"]
[SourceQuality "1"]
[TimeControl "40/5400+30:1800+30"]

1. e4 c5 2. Nc3 d6 3. Nge2 Nf6 4. d4 cxd4 5. Nxd4 Nc6 6. Bg5 e6 7. Qd2 a6 8. O-O-O Be7 9. f4 Bd7 10. Nf3 b5 11. Bxf6 gxf6 12. Kb1 Qb6 13. h4 {[%emt 0:17:30]} h5 {[%emt 0:51:30]} 14. Ne2 {[%emt 0:05:30]} O-O-O {[%emt 0:01:30]} 15. Nfd4 {[%emt 0:04:30]} Kb8 {[%emt 0:06:30]} 16. Qe1 {[%emt 0:07:30]} Rhg8 {[%emt 0:10:30]} 17. g3 {[%emt 0:09:30]} Rc8 {[%emt 0:11:13]} 18. Bh3 {[%emt 0:22:30]} Na5 {[%emt 0:01:12]} 19. b3 {[%emt 0:00:30]} Rc7 {[%emt 0:03:18]} 20. Rd2 {[%emt 0:12:30]} Rgc8 {[%emt 0:02:31]} 21. Qd1 {[%emt 0:02:50]} Ka7 {[%emt 0:03:48]} 22. c3 {[%emt 0:03:18]} Nb7 {[%emt 0:02:10]} 23. Re1 {[%emt 0:03:18]} a5 {[%emt 0:00:34]} 24. f5 {[%emt 0:03:05]} e5 {[%emt 0:00:30]} 25. Nc2 {[%emt 0:00:00]} Bf8 {[%emt 0:00:24]} 26. Bg2 {[%emt 0:00:17]} Bh6 {[%emt 0:03:01]} 27. Rd3 {[%emt 0:00:19]} Rc6 {[%emt 0:01:52]} 28. Bf3 {[%emt 0:01:17]} b4 {[%emt 0:00:56]} 29. c4 {[%emt 0:00:29]} Nc5 {[%emt 0:00:27]} 30. Rd5 {[%emt 0:00:42]} a4 {[%emt 0:00:12]} 31. Kb2 {[%emt 0:01:30]} Be8 {[%emt 0:01:08]} 32. Nc1 {[%emt 0:01:03]} Qa5 {[%emt 0:01:41]} 33. Nd3 {[%emt 0:03:38]} Rb8 {[%emt 0:00:16]} 34. Qe2 {[%emt 0:01:41]} Ra6 {[%emt 0:01:12]} 35. Ra1 {[%emt 0:00:21]} a3+ {[%emt 0:00:37]} 36. Kb1 {[%emt 0:00:06]} Bf8 {[%emt 0:00:24]} 37. Nxc5 {[%emt 0:00:55]} dxc5 {[%emt 0:00:01]} 38. Ne3 {[%emt 0:00:11]} Bc6 {[%emt 0:00:24]} 39. Rd3 {[%emt 0:01:18]} Rd8 {[%emt 0:00:13]} 40. Nd5 {[%emt 0:00:00]} Bxd5 {[%emt 0:00:00]} 41. Rxd5 {[%emt 0:05:12]} Rxd5 {[%emt 0:06:26]} 42. exd5 {[%emt 0:00:30]} e4 {[%emt 0:01:30]} 43. Qxe4 {[%emt 0:03:30]} Qc7 {[%emt 0:00:30]} 44. Kc2 {[%emt 0:03:30]} Qxg3 {[%emt 0:01:30]} 45. Re1 {[%emt 0:10:18]} Bd6 {[%emt 0:00:30]} 46. Re2 {[%emt 0:00:17]} Rb6 {[%emt 0:08:57]} 47. Rg2 {[%emt 0:01:01]} Qh3 {[%emt 0:01:05]} 48. Rg8 {[%emt 0:02:00]} Rb7 {[%emt 0:02:30]} 49. Re8 {[%emt 0:04:04]} Qf1 {[%emt 0:02:55]} 50. Ra8+ {[%emt 0:07:21]} Kxa8 {[%emt 0:00:30]} 51. Qe8+ {[%emt 0:00:30]} Ka7 {[%emt 0:00:00]} 52. Qa4+ {[%emt 0:00:00]} Kb8 {[%emt 0:00:26]} 53. Qe8+ {[%emt 0:00:00]} Ka7 {[%emt 0:02:51]} 54. Qa4+ {[%emt 0:00:03]} Kb8 {[%emt 0:00:30]} 55. Qe8+ {[%emt 0:00:00]} Ka7 {[%emt 0:01:15]} 1/2-1/2

[Event "Turkish Super League 2019"]
[Site "Konya"]
[Date "2019.07.25"]
[Round "9"]
[White "Annaberdiev, Meilis"]
[Black "Dimitrov, Radoslav"]
[Result "0-1"]
[WhiteElo "2515"]
[BlackElo "2530"]
[Annotator "ChessBase"]
[PlyCount "91"]
[EventDate "2019.07.17"]
[EventType "team-tourn"]
[EventCountry "TUR"]
[SourceTitle "playchess.com"]
[Source "ChessBase"]
[SourceQuality "1"]
[TimeControl "40/5400+30:1800+30"]

1. e4 c6 2. d3 d5 3. Nd2 g6 4. Ngf3 Bg7 5. g3 e5 6. Bg2 Ne7 7. O-O O-O 8. Re1 d4 9. Nc4 b5 10. Ncd2 h6 11. Nb3 Qd6 12. a4 Be6 13. axb5 Bxb3 14. b6 Nd7 15. b7 Rab8 16. cxb3 Rxb7 17. Nd2 Qe6 18. Ra5 {[%emt 0:29:00]} c5 {[%emt 0:23:00]} 19. f4 {[%emt 0:04:30]} Nc6 {[%emt 0:01:30]} 20. Ra3 {[%emt 0:00:30]} Nb4 {[%emt 0:03:30]} 21. Nc4 {[%emt 0:00:30]} Nb6 {[%emt 0:00:30]} 22. Rf1 {[%emt 0:06:30]} exf4 {[%emt 0:06:30]} 23. gxf4 {[%emt 0:00:30]} Qe7 {[%emt 0:00:30]} 24. Rf3 {[%emt 0:14:30]} f5 {[%emt 0:18:30]} 25. Rg3 {[%emt 0:02:30]} Nxc4 {[%emt 0:00:30]} 26. bxc4 {[%emt 0:00:30]} Rb6 {[%emt 0:00:30]} 27. Bd2 {[%emt 0:10:30]} Nxd3 {[%emt 0:08:30]} 28. Raxd3 {[%emt 0:02:30]} fxe4 {[%emt 0:00:30]} 29. Rb3 {[%emt 0:00:00]} Re6 {[%emt 0:03:30]} 30. Qg4 {[%emt 0:03:00]} Rd6 {[%emt 0:07:30]} 31. h4 {[%emt 0:13:12]} e3 {[%emt 0:10:30]} 32. Rb7 {[%emt 0:01:14]} Qe8 {[%emt 0:01:36]} 33. Be1 {[%emt 0:01:45]} d3 {[%emt 0:01:12]} 34. Bd5+ {[%emt 0:00:34]} Rxd5 {[%emt 0:02:02]} 35. cxd5 {[%emt 0:00:38]} d2 {[%emt 0:00:04]} 36. Qe2 {[%emt 0:06:46]} dxe1=R+ {[%emt 0:01:12]} 37. Qxe1 {[%emt 0:00:01]} e2 {[%emt 0:03:10]} 38. d6 {[%emt 0:00:28]} Rxf4 {[%emt 0:01:54]} 39. Re7 {[%emt 0:01:43]} Rf1+ {[%emt 0:03:48]} 40. Qxf1 {[%emt 0:00:00]} Bd4+ {[%emt 0:00:00]} 41. Kg2 {[%emt 0:06:09]} exf1=Q+ {[%emt 0:04:02]} 42. Kxf1 {[%emt 0:00:30]} Qf8+ {[%emt 0:01:30]} 43. Kg2 {[%emt 0:00:00]} Qf2+ {[%emt 0:00:30]} 44. Kh3 {[%emt 0:00:00]} Qf5+ {[%emt 0:00:30]} 45. Kh2 {[%emt 0:00:30]} Be5 {[%emt 0:02:30]} 46. b3 {[%emt 0:03:30]} 0-1

[Event "Turkish Super League 2019"]
[Site "Konya"]
[Date "2019.07.25"]
[Round "9"]
[White "Lobanov, Sergei"]
[Black "Aydin, Hakan Arda"]
[Result "1/2-1/2"]
[WhiteElo "2505"]
[BlackElo "1956"]
[Annotator "ChessBase"]
[PlyCount "117"]
[EventDate "2019.07.17"]
[EventType "team-tourn"]
[EventCountry "TUR"]
[SourceTitle "playchess.com"]
[Source "ChessBase"]
[SourceQuality "1"]
[TimeControl "40/5400+30:1800+30"]

1. e4 e5 2. Nf3 Nc6 3. Bc4 Bc5 4. c3 Nf6 5. d3 d6 6. Bb3 a6 7. O-O Ba7 8. h3 h6 9. Re1 O-O 10. Nbd2 Nh5 11. Nf1 Qf6 12. Be3 Nf4 13. d4 Ne7 14. Kh2 Neg6 15. Ng1 {[%emt 0:17:30]} Re8 {[%emt 0:34:30]} 16. d5 {[%emt 0:08:30]} Nf8 {[%emt 0:29:30]} 17. g3 {[%emt 0:01:30]} N4g6 {[%emt 0:00:00]} 18. Kg2 {[%emt 0:01:30]} Ne7 {[%emt 0:03:00]} 19. Bxa7 {[%emt 0:03:30]} Rxa7 {[%emt 0:00:00]} 20. Ne3 {[%emt 0:00:30]} Qg6 {[%emt 0:02:00]} 21. Nf3 {[%emt 0:01:30]} f5 {[%emt 0:08:30]} 22. Nh4 {[%emt 0:00:30]} Qg5 {[%emt 0:00:00]} 23. exf5 {[%emt 0:00:30]} Nxf5 {[%emt 0:00:00]} 24. Nhxf5 {[%emt 0:21:30]} Bxf5 {[%emt 0:00:30]} 25. h4 {[%emt 0:00:30]} Qf6 {[%emt 0:02:30]} 26. Nxf5 {[%emt 0:00:00]} Qxf5 {[%emt 0:00:30]} 27. f4 {[%emt 0:00:00]} Raa8 {[%emt 0:01:30]} 28. Bc2 {[%emt 0:02:30]} Qf6 {[%emt 0:01:30]} 29. Qh5 {[%emt 0:00:30]} Qf7 {[%emt 0:03:10]} 30. Qxf7+ {[%emt 0:00:30]} Kxf7 {[%emt 0:00:30]} 31. fxe5 {[%emt 0:00:00]} Rxe5 {[%emt 0:00:17]} 32. Rxe5 {[%emt 0:00:00]} dxe5 {[%emt 0:00:00]} 33. Rf1+ {[%emt 0:07:30]} Ke7 {[%emt 0:01:36]} 34. Kf3 {[%emt 0:00:30]} Nd7 {[%emt 0:02:37]} 35. Ke4 {[%emt 0:00:30]} Re8 {[%emt 0:00:41]} 36. b4 {[%emt 0:09:30]} a5 {[%emt 0:01:51]} 37. Ba4 {[%emt 0:02:30]} axb4 {[%emt 0:05:01]} 38. Bxd7 {[%emt 0:00:30]} Kxd7 {[%emt 0:00:00]} 39. Rf7+ {[%emt 0:00:30]} Re7 {[%emt 0:03:19]} 40. Rxe7+ {[%emt 0:00:00]} Kxe7 {[%emt 0:00:00]} 41. cxb4 {[%emt 0:01:00]} Kd6 {[%emt 0:02:28]} 42. a4 {[%emt 0:00:00]} h5 {[%emt 0:01:30]} 43. a5 {[%emt 0:17:00]} c6 {[%emt 0:00:30]} 44. dxc6 {[%emt 0:00:30]} Kxc6 {[%emt 0:00:30]} 45. Kxe5 {[%emt 0:05:30]} Kb5 {[%emt 0:00:00]} 46. g4 {[%emt 0:00:30]} hxg4 {[%emt 0:15:00]} 47. Kf4 {[%emt 0:00:00]} Kxb4 {[%emt 0:00:30]} 48. Kxg4 {[%emt 0:00:00]} Kxa5 {[%emt 0:00:30]} 49. Kg5 {[%emt 0:00:30]} b5 {[%emt 0:00:00]} 50. Kg6 {[%emt 0:00:30]} b4 {[%emt 0:00:00]} 51. Kxg7 {[%emt 0:00:30]} b3 {[%emt 0:00:30]} 52. h5 {[%emt 0:00:00]} b2 {[%emt 0:00:00]} 53. h6 {[%emt 0:00:00]} b1=Q {[%emt 0:00:00]} 54. h7 {[%emt 0:00:00]} Qg1+ {[%emt 0:00:30]} 55. Kf7 {[%emt 0:00:00]} Qf2+ {[%emt 0:00:30]} 56. Kg7 {[%emt 0:00:00]} Qg3+ {[%emt 0:00:30]} 57. Kf7 {[%emt 0:00:00]} Qf4+ {[%emt 0:00:30]} 58. Kg7 {[%emt 0:00:00]} Qg5+ {[%emt 0:00:00]} 59. Kf7 {[%emt 0:00:00]} 1/2-1/2

[Event "Turkish Super League 2019"]
[Site "Konya"]
[Date "2019.07.25"]
[Round "9"]
[White "Asadli, Vugar"]
[Black "Kravtsiv, Martyn"]
[Result "1/2-1/2"]
[WhiteElo "2502"]
[BlackElo "2628"]
[Annotator "TA"]
[PlyCount "62"]
[EventDate "2019.07.17"]
[EventType "team-tourn"]
[EventCountry "TUR"]
[SourceTitle "playchess.com"]
[Source "ChessBase"]
[SourceQuality "1"]

{[%evp 21,62,0,10,-6,-6,-6,-5,-7,-6,-5,-5,-12,-6,-12,0,0,0,0,8,8,8,8,9,8,8,3,8,8,9,9,9,9,9,0,8,0,0,0,0,0,9,0,0]} 1. e4 e5 2. Nf3 Nc6 3. Nc3 $146 ({Predecessor:} 3. d4 exd4 4. Nxd4 Nf6 {½-½ (30) Kuzubov,Y (2646)-Kravtsiv,M (2657) Kocaeli 2017}) 3... Nf6 4. d4 exd4 5. Nxd4 Bb4 6. Nxc6 bxc6 7. Bd3 O-O 8. O-O d5 9. exd5 cxd5 10. Bg5 c6 11. Qf3 Rb8 {The position is equal.} 12. Ne2 {C47: Scotch Four Knights and Four Knights with 4 g3} (12. Rab1 {looks sharper.} Bd6 13. Bxf6 Qxf6 14. Qxf6 gxf6 15. Ne2) 12... Bg4 13. Bxf6 {[#] Threatens to win with Bxh7+!} Bxf3 14. Bxd8 Bxe2 $1 15. Bxe2 {Hoping for Bg5.} Rfxd8 16. Rfd1 Be7 17. Rab1 Bf6 18. b3 Kf8 19. c4 dxc4 20. Bxc4 Rxd1+ 21. Rxd1 Rd8 22. Rxd8+ Bxd8 $11 {[%mdl 4096] Endgame KB-KB} 23. f4 Bc7 24. g3 Ke7 25. Kf2 f5 26. Kf3 Kf6 27. h4 Ba5 28. Bd3 g6 29. Bc4 Bb4 30. Ba6 h5 31. Bc4 Bc3 {Accuracy: White = 37%, Black = 51%.} 1/2-1/2

[Event "Turkish Super League 2019"]
[Site "Konya"]
[Date "2019.07.25"]
[Round "9"]
[White "Esen, Baris"]
[Black "Gadimbayli, Abdulla"]
[Result "0-1"]
[WhiteElo "2478"]
[BlackElo "2414"]
[Annotator "RC"]
[PlyCount "68"]
[EventDate "2019.07.17"]
[EventType "team-tourn"]
[EventCountry "TUR"]
[SourceTitle "playchess.com"]
[Source "ChessBase"]
[SourceQuality "1"]
[TimeControl "40/5400+30:1800+30"]

1. Nf3 Nf6 2. c4 b6 3. g3 Bb7 4. Bg2 e6 5. O-O Be7 6. b3 O-O 7. Bb2 c5 8. e3 d5 9. Qe2 Nc6 10. d4 cxd4 11. exd4 Rc8 12. Nbd2 Re8 13. Rfd1 {[%emt 0:15:30]} Bb4 {[%emt 0:35:30]} 14. Nf1 {[%emt 0:01:30]} Ba6 {[%emt 0:17:30]} 15. Rac1 {[%emt 0:11:30]} Na5 {[%emt 0:08:30]} 16. Ne5 {[%emt 0:08:30]} Qe7 {[%emt 0:00:30]} 17. Ne3 {[%emt 0:04:30]} Red8 {[%emt 0:10:30]} 18. Rc2 {[%emt 0:08:30]} h6 {[%emt 0:08:36]} 19. Bf3 {[%emt 0:15:30]} Rc7 {[%emt 0:05:34]} 20. Qf1 {[%emt 0:03:30]} Rdc8 {[%emt 0:03:53]} 21. Be2 {[%emt 0:01:30]} Bb7 {[%emt 0:04:03]} 22. f3 {[%emt 0:02:30]} dxc4 {[%emt 0:04:23]} 23. bxc4 {[%emt 0:00:30]} Qe8 {[%emt 0:00:08]} 24. Qh3 {[%emt 0:05:30]} Nd5 {[%emt 0:01:52]} 25. Nf1 {[%emt 0:07:21]} f6 {[%emt 0:00:36]} 26. Ng4 {[%emt 0:00:39]} Nxc4 {[%emt 0:00:30]} 27. Bd3 {[%emt 0:03:47]} Nxb2 {[%emt 0:01:11]} 28. Rxb2 {[%emt 0:00:06]} f5 {[%emt 0:00:02]} 29. Nf2 {[%emt 0:00:35]} Bc3 {[%emt 0:00:43]} 30. Re2 {[%emt 0:00:04]} Qg6 {[%emt 0:00:25]} 31. Qh4 {[%emt 0:00:33]} Bb4 {[%emt 0:00:02]} 32. g4 {[%emt 0:04:39]} Nc3 {[%emt 0:00:49]} 33. Ng3 {[%emt 0:00:40]} Nxd1 {[%emt 0:00:33]} 34. Nh3 {[%emt 0:01:33]} Be7 {[%emt 0:00:34]} 0-1

[Event "Turkish Super League 2019"]
[Site "Konya"]
[Date "2019.07.25"]
[Round "9"]
[White "Benidze, Davit"]
[Black "Alekseenko, Kirill"]
[Result "0-1"]
[WhiteElo "2469"]
[BlackElo "2650"]
[Annotator "TA"]
[PlyCount "72"]
[EventDate "2019.07.17"]
[EventType "team-tourn"]
[EventCountry "TUR"]
[SourceTitle "playchess.com"]
[Source "ChessBase"]
[SourceQuality "1"]

{[%evp 12,72,0,0,32,-9,0,0,0,-13,-9,-10,-14,-17,6,14,36,27,29,0,17,15,15,16,15,15,36,35,40,-22,0,-34,-14,-54,-58,-16,0,-82,-126,-410,-395,-395,-404,-399,-399,-379,-74,-66,-69,-107,-8,-225,0,0,0,-1104,-1104,-1912,-1818,-1654,-1587,-1539,-1759]} 1. Nf3 g6 2. g3 Bg7 3. Bg2 e5 4. d3 Ne7 5. O-O O-O 6. c4 d6 7. Nc3 h6 {A21: English Opening: 1...e5 2 Nc3} 8. Bd2 (8. Rb1 f5 9. Bd2 Nd7 10. b4 Nf6 11. Qb3 Be6 12. Rfc1 Qd7 13. Ne1 c6 14. b5 c5 15. b6 a6 16. Qa4 Qc8 17. f4 exf4 18. gxf4 Kh8 {0-1 (35) Maletin,P (2575)-Kurnosov,I (2633) Khanty-Mansiysk 2011}) 8... a5 9. a3 f5 {The position is equal.} 10. b4 g5 $146 ({Predecessor:} 10... axb4 11. axb4 Rxa1 12. Qxa1 Be6 13. Ne1 c6 14. Nc2 Nd7 {1-0 (49) Karlsson,L (2445)-Laveryd,P (2440) Stockholm 1997}) 11. Rb1 axb4 12. axb4 f4 13. b5 Nd7 14. Ne4 $1 Nf5 15. Ne1 Nc5 16. e3 Ra2 17. Nc3 Ra3 18. Nd5 Be6 19. Bb4 Ra2 20. Bxc5 ({Better is} 20. Nc3 $14 Ra7 21. Nc2) 20... dxc5 $11 21. Qb3 Ra5 22. b6 c6 23. Qc3 fxe3 24. Nc7 (24. Qxa5 $11 e2 25. Nc3 exf1=N 26. Bxf1) 24... Bc8 $1 $17 {White must now prevent ...Ra2.} 25. fxe3 $2 {[%mdl 8192]} (25. Qxa5 $17 e2 26. Qd2 exf1=N 27. Kxf1) 25... Ra2 $19 26. Nc2 {[#]} e4 $1 {[%mdl 576] Discovered Attack} 27. Qb3 {[#]} (27. dxe4 Bxc3) 27... Rxc2 $1 {[%mdl 512]} 28. Qxc2 exd3 $2 (28... Nxe3 $19 {is more deadly.} 29. Rxf8+ Qxf8) 29. Qd2 $17 {[#]} Nxe3 $1 {[%mdl 512]} 30. Rxf8+ (30. Qxe3 Bd4) 30... Qxf8 (30... Kxf8 $17 31. Bxc6 (31. Qxe3 $2 Bd4 $19) 31... Bd4) 31. Qxd3 $2 {[#]} (31. Qxe3 $2 Bd4 $19) (31. Re1 $1 $11 {and White stays safe.} Bd4 32. Rxe3) 31... Bf5 $2 (31... Ng4 $1 $19 {aiming for ...Bd4+.} 32. Rf1 Bd4+ 33. Kh1 Nf2+ 34. Rxf2 Qxf2 35. Qg6+ Bg7 36. Qe8+ Qf8) 32. Be4 $11 {Threatens to win with Re1.} Bh3 $36 {[%mdl 2048] Black fights for an advantage.} 33. Kh1 $2 {[%mdl 8192]} ({Don't go for} 33. Qxe3 $2 Bd4 $19) (33. Bxc6 $11 Bd4 34. Qg6+ Kh8 35. Qe8 (35. Be4 $2 {leads to mate.} Nd1+ 36. Kh1 Qf1#) 35... Ng4+ 36. Kh1 Nf2+ 37. Kg1 Qxe8 38. Nxe8) 33... Ng4 $19 {( -> ...Nf2+). Black is clearly winning.} 34. Qe2 Nf2+ 35. Kg1 Nxe4 36. Qxe4 {[#]} Bd4+ $1 {Accuracy: White = 38%, Black = 56%.} ({Not} 36... Bf5 37. Qe1 $17) 0-1

[Event "Turkish Super League 2019"]
[Site "Konya"]
[Date "2019.07.25"]
[Round "9"]
[White "Firat, Burak"]
[Black "Keler, Faruk"]
[Result "1-0"]
[WhiteElo "2463"]
[BlackElo "2263"]
[Annotator "ChessBase"]
[PlyCount "91"]
[EventDate "2019.07.17"]
[EventType "team-tourn"]
[EventCountry "TUR"]
[SourceTitle "playchess.com"]
[Source "ChessBase"]
[SourceQuality "1"]
[TimeControl "40/5400+30:1800+30"]

1. e4 e5 2. Nf3 Nf6 3. d4 Nxe4 4. Bd3 d5 5. Nxe5 Nd7 6. Nxd7 Bxd7 7. O-O Bd6 8. Nc3 Nxc3 9. bxc3 O-O 10. Qh5 f5 11. Re1 c6 12. Bg5 Qc7 13. Re3 g6 14. Qh6 Rae8 15. Rae1 Rxe3 16. Rxe3 Re8 17. c4 Rxe3 18. Bxe3 Be6 19. c5 Bf8 20. Qh4 Be7 21. Qh6 Bf8 22. Qh4 Be7 23. Bg5 Bf8 24. Bf4 Qe7 25. Bg5 Qc7 26. Bf4 Qe7 27. Qg3 b6 28. Bd6 Qf6 29. Bxf8 f4 30. Be7 Qxe7 31. Qxf4 bxc5 32. Qb8+ Kg7 33. Qe5+ Kf7 34. dxc5 Qxc5 35. Qh8 Bf5 36. Qxh7+ Kf6 37. Qh8+ Ke6 38. Qe8+ Kf6 39. Qd8+ Ke6 40. Qg8+ Kf6 41. Qd8+ Ke6 42. Qe8+ Kf6 43. Bxf5 Kxf5 44. Qf7+ Kg5 45. g3 Qd4 46. Qe7+ 1-0

[Event "Turkish Super League 2019"]
[Site "Konya"]
[Date "2019.07.25"]
[Round "9"]
[White "Daulyte-Cornette, Deimante"]
[Black "Savina, Anastasia"]
[Result "1-0"]
[WhiteElo "2444"]
[BlackElo "2344"]
[Annotator "NA"]
[PlyCount "65"]
[EventDate "2019.07.17"]
[EventType "team-tourn"]
[EventCountry "TUR"]
[SourceTitle "playchess.com"]
[Source "ChessBase"]
[SourceQuality "1"]
[TimeControl "40/5400+30:1800+30"]

1. e4 e5 2. Nf3 Nc6 3. Nc3 Nf6 4. Bb5 Nd4 5. Bc4 c6 6. Nxe5 d5 7. exd5 Bd6 8. Nf3 {[%emt 0:22:00]} Nxf3+ {[%emt 0:29:00]} 9. Qxf3 {[%emt 0:00:30]} O-O {[%emt 0:01:30]} 10. h3 {[%emt 0:02:30]} Re8+ {[%emt 0:14:30]} 11. Be2 {[%emt 0:01:30]} cxd5 {[%emt 0:05:30]} 12. d4 {[%emt 0:05:30]} Ne4 {[%emt 0:18:30]} 13. Nxe4 {[%emt 0:09:30]} dxe4 {[%emt 0:01:30]} 14. Qb3 {[%emt 0:00:30]} Be6 {[%emt 0:02:30]} 15. Bc4 {[%emt 0:02:30]} Bxc4 {[%emt 0:15:00]} 16. Qxc4 {[%emt 0:00:30]} Rc8 {[%emt 0:00:04]} 17. Qb3 {[%emt 0:00:30]} b5 {[%emt 0:03:52]} 18. c3 {[%emt 0:13:30]} b4 {[%emt 0:02:40]} 19. c4 {[%emt 0:05:30]} Bb8 {[%emt 0:02:48]} 20. Be3 {[%emt 0:03:30]} f5 {[%emt 0:00:48]} 21. g3 {[%emt 0:00:30]} a5 {[%emt 0:00:00]} 22. c5+ {[%emt 0:03:30]} Kh8 {[%emt 0:00:00]} 23. O-O-O {[%emt 0:01:30]} Qd7 {[%emt 0:00:38]} 24. Kb1 {[%emt 0:03:30]} Red8 {[%emt 0:01:09]} 25. d5 {[%emt 0:01:30]} Be5 {[%emt 0:00:52]} 26. d6 {[%emt 0:09:15]} Bf6 {[%emt 0:01:28]} 27. Qd5 {[%emt 0:01:07]} a4 {[%emt 0:00:35]} 28. Bd4 {[%emt 0:01:51]} Bxd4 {[%emt 0:00:34]} 29. Rxd4 {[%emt 0:00:40]} b3 {[%emt 0:00:30]} 30. a3 {[%emt 0:01:00]} Qb5 {[%emt 0:00:28]} 31. Rc1 {[%emt 0:01:12]} Qe2 {[%emt 0:00:31]} 32. d7 {[%emt 0:05:25]} Rc7 {[%emt 0:00:51]} 33. Qe5 {[%emt 0:00:22]} 1-0

[Event "Turkish Super League 2019"]
[Site "Konya"]
[Date "2019.07.25"]
[Round "9"]
[White "Mammadzada, Gunay"]
[Black "Buksa, Nataliya"]
[Result "0-1"]
[WhiteElo "2427"]
[BlackElo "2379"]
[Annotator "ChessBase"]
[PlyCount "80"]
[EventDate "2019.07.17"]
[EventType "team-tourn"]
[EventCountry "TUR"]
[SourceTitle "playchess.com"]
[Source "ChessBase"]
[SourceQuality "1"]
[TimeControl "40/5400+30:1800+30"]

1. e4 c5 2. Nf3 Nc6 3. d4 cxd4 4. Nxd4 Nf6 5. Nc3 e5 6. Ndb5 d6 7. Bg5 a6 8. Na3 b5 9. Nd5 Be7 10. Bxf6 Bxf6 11. c3 Rb8 12. Nc2 Bg5 13. g3 O-O 14. h4 Bh6 15. Bg2 a5 16. a3 {[%emt 0:23:00]} Be6 {[%emt 0:37:00]} 17. O-O {[%emt 0:03:30]} g6 {[%emt 0:03:30]} 18. Qd3 {[%emt 0:24:30]} f5 {[%emt 0:07:30]} 19. b4 {[%emt 0:08:30]} Qd7 {[%emt 0:06:30]} 20. Rad1 {[%emt 0:06:30]} f4 {[%emt 0:03:30]} 21. Ne1 {[%emt 0:01:30]} fxg3 {[%emt 0:04:30]} 22. fxg3 {[%emt 0:01:30]} Kh8 {[%emt 0:07:30]} 23. Nf3 {[%emt 0:07:30]} Bg4 {[%emt 0:03:30]} 24. Kh2 {[%emt 0:01:30]} Rf7 {[%emt 0:01:30]} 25. Rde1 {[%emt 0:04:52]} Qd8 {[%emt 0:08:49]} 26. Rb1 {[%emt 0:08:02]} axb4 {[%emt 0:08:44]} 27. axb4 {[%emt 0:00:17]} Ne7 {[%emt 0:00:09]} 28. Rbd1 {[%emt 0:06:38]} Ng8 {[%emt 0:05:00]} 29. Ra1 {[%emt 0:00:47]} Qd7 {[%emt 0:00:47]} 30. Ng5 {[%emt 0:02:04]} Rxf1 {[%emt 0:00:44]} 31. Bxf1 {[%emt 0:02:54]} Bxg5 {[%emt 0:04:48]} 32. hxg5 {[%emt 0:00:30]} Be6 {[%emt 0:00:00]} 33. Ra5 {[%emt 0:00:26]} Qd8 {[%emt 0:00:31]} 34. Qd2 {[%emt 0:01:19]} Bxd5 {[%emt 0:00:40]} 35. exd5 {[%emt 0:00:33]} Qd7 {[%emt 0:00:03]} 36. Bh3 {[%emt 0:00:40]} Qf7 {[%emt 0:00:36]} 37. Be6 {[%emt 0:00:43]} Qf3 {[%emt 0:00:03]} 38. Ra6 {[%emt 0:00:23]} Rf8 {[%emt 0:00:31]} 39. Rxd6 {[%emt 0:00:30]} Qf1 {[%emt 0:00:00]} 40. Bh3 {[%emt 0:01:08]} Rf2+ {[%emt 0:00:00]} 0-1